[Event "Australian Masters-B"]
[Site "Melbourne"]
[Date "2014.12.15"]
[Round "3"]
[White "Dizdarevic, Mehmedalija"]
[Black "Smith, Robert Wayne"]
[Result "0-1"]
[WhiteElo "1923"]
[BlackElo "2245"]
[PlyCount "82"]
[EventDate "2014.12.13"]
[EventType "tourn"]
[EventRounds "9"]
[EventCountry "AUS"]
[SourceTitle "EXT 2016"]
[Source "ChessBase"]
[SourceDate "2015.10.08"]
[SourceVersion "1"]
[SourceVersionDate "2015.10.08"]
[SourceQuality "1"]

1. e4 c5 2. Nf3 d6 3. d4 cxd4 4. Nxd4 Nf6 5. Nc3 a6 6. Bg5 e6 7. f4 Nbd7 8. Qf3 Qc7 9. 0-0-0 b5 10. Bd3 Bb7 11. Rhe1 Be7 12. Bxf6 Nxf6 13. Qh3 b4 14. Na4 Nd7 15. Qh5 g6 16. Qg4 e5 17. Nf3 Bc6 18. b3 Bxa4 19. bxa4 exf4 20. Qxf4 0-0 21. Qh6 Bf6 22. Ng5 Bxg5+ 23. Qxg5 Ne5 24. Qd2 Qa5 25. Be2 Rfd8 26. Qd5 Qxa4 27. Qb3 Qc6 28. Rd5 Rab8 29. Kb1 Qb6 30. Rf1 Rb7 31. h4 Rc7 32. Qg3 Rc3 33. Qg5 Rdc8 34. Qf6 Rxc2 35. Rxe5 Qc7 36. Re8+ Rxe8 37. Bd3 Rc3 38. Qf3 Rc8 39. Qe3 b3 40. a3 b2 41. Kxb2 Qb7+ 0-1

[Event "Melbourne Cup Weekend"]
[Site "Melbourne"]
[Date "2013.11.02"]
[Round "2"]
[White "Morris, James"]
[Black "Dizdarevic, Mehmedalija"]
[Result "1-0"]
[WhiteElo "2392"]
[BlackElo "1959"]
[PlyCount "115"]
[EventDate "2013.11.01"]
[EventType "swiss"]
[EventRounds "9"]
[EventCountry "AUS"]
[SourceTitle "EXT 2014"]
[Source "ChessBase"]
[SourceDate "2013.11.20"]
[SourceVersion "1"]
[SourceVersionDate "2013.11.20"]
[SourceQuality "1"]

1. c4 e6 2. Nc3 Nf6 3. Nf3 b6 4. a3 Bb7 5. d4 d6 6. Bf4 Nbd7 7. e3 Be7 8. h3 h6 9. Be2 0-0 10. 0-0 Re8 11. Bh2 Bf8 12. b4 a5 13. Nd2 e5 14. d5 g6 15. e4 Bg7 16. Nb3 axb4 17. axb4 Qe7 18. Qc2 g5 19. Nb5 Nf8 20. c5 dxc5 21. bxc5 Nxd5 22. Rxa8 Rxa8 23. c6 Bxc6 24. Qxc6 Ra2 25. Nc1 Nb4 26. Qxc7 Qxc7 27. Nxc7 Rc2 28. Nd5 Na2 29. Nxa2 Rxe2 30. Nac3 Rc2 31. Rb1 Nd7 32. Kf1 Bf8 33. Bg1 Bc5 34. f3 Bd4 35. Bxd4 exd4 36. Ne2 d3 37. Nd4 Rc4 38. Nf5 h5 39. Nfe3 Ra4 40. Rd1 Ra3 41. Nc4 Rb3 42. Kf2 b5 43. Nd2 Rb2 44. Ke3 Ne5 45. Kd4 Nc4 46. Kxd3 Nd6 47. Rb1 Ra2 48. e5 Nc4 49. Nxc4 bxc4+ 50. Kxc4 Rxg2 51. f4 gxf4 52. Nxf4 Rg5 53. Kd4 h4 54. Ke4 Rg3 55. Kf5 Rf3 56. Rg1+ Kf8 57. Rg4 Ke7 58. Ke4 1-0

[Event "Melbourne CC op"]
[Site "Melbourne"]
[Date "2012.11.12"]
[Round "9"]
[White "Ly, Thai"]
[Black "Dizdarevic, Mehmedalija"]
[Result "0-1"]
[WhiteElo "2008"]
[BlackElo "1989"]
[PlyCount "87"]
[EventDate "2012.09.10"]
[EventType "swiss"]
[EventRounds "9"]
[EventCountry "AUS"]
[SourceTitle "EXT 2013"]
[Source "ChessBase"]
[SourceDate "2012.11.22"]
[SourceVersion "1"]
[SourceVersionDate "2012.11.22"]
[SourceQuality "1"]

1. e4 d5 2. exd5 Nf6 3. Nf3 Qxd5 4. d4 Bg4 5. Be2 Nc6 6. c4 Qf5 7. 0-0 0-0-0 8. Be3 e5 9. d5 a6 10. a3 h5 11. Nbd2 Bxf3 12. Nxf3 e4 13. Nd4 Nxd4 14. Qxd4 Bd6 15. c5 Be5 16. Qa4 Rxd5 17. c6 b6 18. Qxa6+ Kd8 19. Rad1 Ke7 20. Rxd5 Nxd5 21. Bc4 Rd8 22. Qb7 Ke8 23. Rd1 Nxe3 24. Rxd8+ Kxd8 25. fxe3 Qg5 26. Qb8+ Ke7 27. Kf2 Bxh2 28. Qc8 Qf6+ 29. Ke1 Bg3+ 30. Kd1 Qd6+ 31. Ke2 Qxc6 32. Qa6 Qd7 33. Qb5 Qg4+ 34. Kd2 Bd6 35. Be2 Qxg2 36. Qxh5 g6 37. Qh4+ g5 38. Qh5 Be5 39. b3 Bb2 40. a4 Qg1 41. Bd1 Ba3 42. Qe2 Bc5 43. Bc2 f5 44. Qd1 0-1

[Event "Melbourne CC op"]
[Site "Melbourne"]
[Date "2012.10.08"]
[Round "5"]
[White "Dizdarevic, Mehmedalija"]
[Black "Stojic, Dusan"]
[Result "0-1"]
[WhiteElo "1989"]
[BlackElo "2263"]
[PlyCount "82"]
[EventDate "2012.09.10"]
[EventType "swiss"]
[EventRounds "9"]
[EventCountry "AUS"]
[SourceTitle "EXT 2013"]
[Source "ChessBase"]
[SourceDate "2012.11.22"]
[SourceVersion "1"]
[SourceVersionDate "2012.11.22"]
[SourceQuality "1"]

1. e4 c5 2. Nf3 d6 3. d4 Nf6 4. Nc3 cxd4 5. Nxd4 a6 6. Bg5 e6 7. f4 Nbd7 8. Qf3 Qc7 9. 0-0-0 h6 10. Bh4 b5 11. Bd3 Bb7 12. Rhe1 Be7 13. f5 e5 14. Nb3 Rc8 15. Bf2 b4 16. Nd5 Nxd5 17. exd5 Nf6 18. Kb1 Bxd5 19. Qe2 Bb7 20. Rc1 0-0 21. g4 e4 22. Bxa6 Bxa6 23. Qxa6 Nxg4 24. Bb6 Qc6 25. Na5 Qd5 26. Rcd1 Qxf5 27. Rf1 Qe6 28. Qe2 f5 29. Bd4 f4 30. h3 f3 31. Qe1 e3 32. hxg4 e2 33. Rc1 Qd5 34. Qxb4 exf1Q 35. Rxf1 f2 36. Qb3 Qxb3 37. Nxb3 Bh4 38. c3 Rce8 39. Kc2 Re2+ 40. Kd3 Rxb2 41. Nc1 d5 0-1

[Event "Begonia op 45th"]
[Site "Ballarat"]
[Date "2011.03.12"]
[Round "4"]
[White "Hain, Anthony"]
[Black "Dizdarevic, Mehmedalija"]
[Result "1-0"]
[WhiteElo "1558"]
[BlackElo "1972"]
[PlyCount "119"]
[EventDate "2011.03.12"]
[EventType "swiss"]
[EventRounds "7"]
[EventCountry "AUS"]
[SourceTitle "EXT 2019"]
[Source "ChessBase"]
[SourceDate "2018.10.10"]
[SourceVersion "1"]
[SourceVersionDate "2018.10.10"]
[SourceQuality "1"]

1. e4 d5 2. exd5 Nf6 3. c4 c6 4. dxc6 Nxc6 5. Nf3 e5 6. Nc3 Bc5 7. Be2 e4 8. Ng5 Bf5 9. d3 exd3 10. Bf3 h6 11. Nge4 Bxe4 12. Nxe4 Nxe4 13. Bxe4 Qb6 14. Bxc6+ Qxc6 15. 0-0 0-0-0 16. Qg4+ Kb8 17. Bf4+ Ka8 18. Rad1 Rhe8 19. Qg3 g5 20. Be5 Qe4 21. Bc7 Rd7 22. b3 f5 23. Ba5 Qd4 24. Bd2 f4 25. Qh3 Qg7 26. b4 Bd4 27. Qg4 Red8 28. a4 Qf7 29. Rfe1 Rc7 30. c5 Rc6 31. Re4 Qg6 32. Rde1 h5 33. Qd1 Qf5 34. Qb3 f3 35. Qc4 Bg7 36. Re8 Rcc8 37. Rxd8 Rxd8 38. c6 Bf6 39. c7 Rc8 40. Qe6 Qxe6 41. Rxe6 Bb2 42. Re7 b6 43. Bxg5 Bc3 44. Rd7 Bxb4 45. gxf3 Kb7 46. Rxd3 Rxc7 47. f4 Ka6 48. Rd5 Rc1+ 49. Kg2 Ra1 50. f5 Rxa4 51. Bh6 Bc3 52. Rd6 Rg4+ 53. Kf3 Bb4 54. Rg6 Rd4 55. f6 Rd6 56. Ke4 Kb7 57. Bf8 Rc6 58. Bxb4 Rc4+ 59. Ke5 Rxb4 60. f7 1-0

[Event "Melbourne Cup"]
[Site "Melbourne"]
[Date "2010.11.01"]
[Round "6"]
[White "Rujevic, Mirko"]
[Black "Dizdarevic, Mehmedalija"]
[Result "1-0"]
[WhiteElo "2225"]
[BlackElo "1912"]
[PlyCount "101"]
[EventDate "2010.10.29"]
[EventType "swiss"]
[EventRounds "9"]
[EventCountry "AUS"]
[SourceTitle "EXT 2012"]
[Source "ChessBase"]
[SourceDate "2011.11.24"]
[SourceVersion "1"]
[SourceVersionDate "2011.11.24"]
[SourceQuality "1"]

1. e4 d5 2. exd5 Nf6 3. d4 Bg4 4. Bb5+ Nbd7 5. Be2 Bxe2 6. Qxe2 Nxd5 7. Nf3 c6 8. c4 N5f6 9. 0-0 e6 10. Nc3 Qa5 11. Bf4 Bb4 12. Bd2 0-0 13. a3 Bxc3 14. Bxc3 Qh5 15. Rfe1 Rfe8 16. Rad1 Rad8 17. h3 h6 18. Qe3 b6 19. Qf4 Rc8 20. Ne5 Nf8 21. Qg3 Qf5 22. Qe3 Red8 23. Bb4 c5 24. dxc5 Rxd1 25. Rxd1 bxc5 26. Bxc5 Qc2 27. Rc1 Qxb2 28. Bxa7 Ra8 29. Bc5 N8d7 30. Nd3 Qb7 31. Bb4 Rc8 32. c5 Nd5 33. Qd4 Qa6 34. Nb2 Nb8 35. Nc4 Nc6 36. Qe4 Ncxb4 37. axb4 Rb8 38. Ne5 Rxb4 39. Qf3 Rf4 40. Qg3 Qe2 41. Nd3 Rd4 42. Ne5 Nf4 43. Nf3 Rd1+ 44. Rxd1 Qxd1+ 45. Kh2 Qc1 46. c6 e5 47. Qg4 Qxc6 48. Nxe5 Qf6 49. Qc8+ Kh7 50. Nd7 Qe7 51. Nf8+ 1-0

[Event "Melbourne Cup"]
[Site "Melbourne"]
[Date "2010.10.31"]
[Round "5"]
[White "Dizdarevic, Mehmedalija"]
[Black "Hose, Shaun"]
[Result "1-0"]
[WhiteElo "1912"]
[BlackElo "1748"]
[PlyCount "91"]
[EventDate "2010.10.29"]
[EventType "swiss"]
[EventRounds "9"]
[EventCountry "AUS"]
[SourceTitle "EXT 2012"]
[Source "ChessBase"]
[SourceDate "2011.11.24"]
[SourceVersion "1"]
[SourceVersionDate "2011.11.24"]
[SourceQuality "1"]

1. e4 e6 2. d4 d5 3. Nc3 Nf6 4. e5 Nfd7 5. f4 c5 6. Nf3 Nc6 7. Be3 a6 8. Qd2 b5 9. Ne2 cxd4 10. Nexd4 Nxd4 11. Nxd4 Qc7 12. Bd3 Be7 13. 0-0 0-0 14. Rf3 Nc5 15. Rh3 Nxd3 16. cxd3 Bd7 17. Rc1 Qb8 18. Nb3 Rd8 19. Qf2 b4 20. Bc5 Bxc5 21. Nxc5 Bb5 22. d4 Ra7 23. Qh4 h6 24. Qg4 Kh8 25. Re1 Rg8 26. f5 exf5 27. Qxf5 Qc8 28. e6 fxe6 29. Qe5 Kh7 30. Nxe6 Bd7 31. Ng5+ Kg6 32. Rg3 Bg4 33. Ne6 h5 34. h3 Qb8 35. hxg4 Qxe5 36. Rxe5 Rc8 37. Nf4+ Kh7 38. Rxh5+ Kg8 39. Rf5 Rc1+ 40. Kh2 Rc2 41. Rh3 Rf7 42. Nd3 Re7 43. Ne5 g6 44. Nxg6 Ree2 45. Nf4 Rf2 46. Rh6 1-0

[Event "Doeberl Cup Major 48th"]
[Site "Canberra"]
[Date "2010.04.02"]
[Round "1"]
[White "Dizdarevic, Mehmedalija"]
[Black "Bonning, James"]
[Result "1-0"]
[WhiteElo "1894"]
[BlackElo "1626"]
[PlyCount "77"]
[EventDate "2010.04.02"]
[EventType "swiss"]
[EventRounds "7"]
[EventCountry "AUS"]
[SourceTitle "EXT 2012"]
[Source "ChessBase"]
[SourceDate "2011.11.24"]
[SourceVersion "1"]
[SourceVersionDate "2011.11.24"]
[SourceQuality "1"]

1. e4 e5 2. d4 exd4 3. Qxd4 Nc6 4. Qe3 Nf6 5. Bd2 Ng4 6. Qg3 d5 7. h3 Nf6 8. exd5 Qxd5 9. Nc3 Qe5+ 10. Qxe5+ Nxe5 11. f4 Nc6 12. Nb5 Bd6 13. Bd3 Be6 14. Nxd6+ cxd6 15. Nf3 h6 16. 0-0-0 0-0-0 17. g4 Bd5 18. Rhf1 Rhe8 19. Bc3 Re3 20. Bf5+ Kc7 21. Bxf6 Bxf3 22. Bxd8+ Nxd8 23. Rde1 Rxe1+ 24. Rxe1 Bg2 25. Re3 d5 26. h4 g6 27. Bd3 Ne6 28. f5 gxf5 29. gxf5 Nd8 30. Kd2 Kd6 31. Rg3 Bh1 32. Rg8 Nc6 33. Rh8 Ne5 34. Rxh6+ Kc5 35. Be2 Be4 36. Rf6 Bf3 37. h5 Ng4 38. Rxf7 Bxe2 39. Kxe2 1-0

[Event "Doeberl Cup Major 48th"]
[Site "Canberra"]
[Date "2010.04.02"]
[Round "2"]
[White "Frame, Nigel"]
[Black "Dizdarevic, Mehmedalija"]
[Result "0-1"]
[WhiteElo "1719"]
[BlackElo "1894"]
[PlyCount "66"]
[EventDate "2010.04.02"]
[EventType "swiss"]
[EventRounds "7"]
[EventCountry "AUS"]
[SourceTitle "EXT 2012"]
[Source "ChessBase"]
[SourceDate "2011.11.24"]
[SourceVersion "1"]
[SourceVersionDate "2011.11.24"]
[SourceQuality "1"]

1. d4 e6 2. Nf3 b6 3. g3 Bb7 4. Bg2 Nf6 5. c4 Be7 6. Nc3 d6 7. 0-0 Nbd7 8. Qc2 c5 9. e3 Rc8 10. b3 a6 11. Bb2 Qc7 12. Rac1 cxd4 13. exd4 d5 14. cxd5 Nxd5 15. Qd2 Qb8 16. Rfe1 0-0 17. Ne5 Nxe5 18. dxe5 Rfd8 19. Nxd5 Bxd5 20. Bxd5 Rxd5 21. Rxc8+ Qxc8 22. Qc3 Qd7 23. Re2 h6 24. Kg2 Rd3 25. Qc4 Qb7+ 26. Kh3 Qf3 27. Rc2 g5 28. Qg4 Qh1 29. Qe2 Qd5 30. f4 gxf4 31. Rc8+ Kg7 32. Qg4+ Bg5 33. Rc1 Rxg3+ 0-1

[Event "AUS-ch Major"]
[Site "Cammeray"]
[Date "2010.01.09"]
[Round "7"]
[White "Chong, Chor Yuen"]
[Black "Dizdarevic, Mehmedalija"]
[Result "1/2-1/2"]
[WhiteElo "2055"]
[BlackElo "1904"]
[PlyCount "104"]
[EventDate "2010.01.02"]
[EventType "swiss"]
[EventRounds "11"]
[EventCountry "AUS"]
[SourceTitle "EXT 2011"]
[Source "ChessBase"]
[SourceDate "2010.11.26"]
[SourceVersion "1"]
[SourceVersionDate "2010.11.26"]
[SourceQuality "1"]

1. e4 d5 2. exd5 Nf6 3. Bb5+ Nbd7 4. c4 a6 5. Ba4 b5 6. cxb5 Nxd5 7. d4 N5b6 8. Bb3 e6 9. Nf3 Bb7 10. 0-0 axb5 11. Re1 Bb4 12. Nc3 0-0 13. Bg5 Bxf3 14. Qc1 f6 15. Rxe6 Kh8 16. Bf4 Bg4 17. Rc6 Rc8 18. Nxb5 Re8 19. Bxc7 Qe7 20. h3 Be2 21. Bd6 Rxc6 22. Qxc6 Bxb5 23. Bxe7 Bxc6 24. Bxb4 Bd5 25. Bd1 Bc4 26. Bf3 Bd5 27. Bd1 Bb7 28. Bg4 g6 29. a4 f5 30. Bd1 Nd5 31. Bd2 N7f6 32. b4 Ne4 33. Be1 Ndc3 34. Bb3 Ne2+ 35. Kh2 Nxd4 36. Bd1 Rc8 37. b5 Nc2 38. Bxc2 Rxc2 39. f3 Nc5 40. Kg3 g5 41. Ra3 h5 42. a5 Ne6 43. Bc3+ Kg8 44. Be5 Rc5 45. a6 Rxb5 46. axb7 Rxb7 47. Ra5 Kf7 48. h4 g4 49. Kf2 Kg6 50. Ra6 Kf7 51. Ra5 Kg6 52. Ra6 Kf7 1/2-1/2

[Event "Adelaide Freytag op"]
[Site "Adelaide"]
[Date "2009.07.05"]
[Round "6"]
[White "Dizdarevic, Mehmedalija"]
[Black "Paprzycki, Eryk"]
[Result "0-1"]
[WhiteElo "1938"]
[BlackElo "1556"]
[PlyCount "50"]
[EventDate "2009.07.04"]
[EventType "swiss"]
[EventRounds "7"]
[EventCountry "AUS"]
[SourceTitle "EXT 2023"]
[Source "ChessBase"]
[SourceDate "2022.10.05"]
[SourceVersion "1"]
[SourceVersionDate "2022.10.05"]
[SourceQuality "1"]

1. e4 c5 2. Nf3 d6 3. d4 cxd4 4. Nxd4 Nf6 5. Nc3 a6 6. Bg5 e6 7. f4 b5 8. Qf3 Qb6 9. 0-0-0 Nbd7 10. f5 e5 11. Nb3 Bb7 12. Bd3 Be7 13. Kb1 0-0 14. Be3 Qc7 15. g4 b4 16. Nd5 Nxd5 17. exd5 f6 18. h4 a5 19. g5 a4 20. Nc1 a3 21. Be2 axb2 22. Kxb2 Qa5 23. Bc4 Nb6 24. Bb3 Na4+ 25. Ka1 Nc3 0-1

[Event "Adelaide Freytag op"]
[Site "Adelaide"]
[Date "2009.07.05"]
[Round "5"]
[White "Dizdarevic, Mehmedalija"]
[Black "Voon, Richard"]
[Result "0-1"]
[WhiteElo "1938"]
[BlackElo "1888"]
[PlyCount "51"]
[EventDate "2009.07.04"]
[EventType "swiss"]
[EventRounds "7"]
[EventCountry "AUS"]
[SourceTitle "EXT 2023"]
[Source "ChessBase"]
[SourceDate "2022.10.05"]
[SourceVersion "1"]
[SourceVersionDate "2022.10.05"]
[SourceQuality "1"]

1. e4 c5 2. Nf3 d6 3. d4 cxd4 4. Nxd4 Nf6 5. Nc3 a6 6. Bg5 e6 7. f4 Qb6 8. Nb3 Nbd7 9. Qf3 Qc7 10. 0-0-0 b5 11. Bd3 Bb7 12. Rhe1 Be7 13. Qh3 h6 14. f5 e5 15. Kb1 b4 16. Ne2 Nxe4 17. Bxe4 Bxe4 18. Ned4 Bxc2+ 19. Nxc2 Bxg5 20. Nxb4 Nf6 21. Qd3 a5 22. Nd5 Nxd5 23. Qxd5 0-0 24. Qxd6 Qxd6 25. Rxd6 a4 26. Nc5 0-1

[Event "Begonia op 43rd"]
[Site "Ballarat"]
[Date "2009.03.07"]
[Round "2"]
[White "Dizdarevic, Mehmedalija"]
[Black "Stojic, Dusan"]
[Result "0-1"]
[WhiteElo "1972"]
[BlackElo "2169"]
[PlyCount "72"]
[EventDate "2009.03.07"]
[EventType "swiss"]
[EventRounds "7"]
[EventCountry "AUS"]
[SourceTitle "EXT 2013"]
[Source "ChessBase"]
[SourceDate "2012.11.22"]
[SourceVersion "1"]
[SourceVersionDate "2012.11.22"]
[SourceQuality "1"]

1. e4 c5 2. Nf3 a6 3. Nc3 d6 4. d4 cxd4 5. Nxd4 Nf6 6. Bg5 e6 7. f4 Nbd7 8. Qf3 Qc7 9. 0-0-0 b5 10. Bd3 Bb7 11. Rhe1 Be7 12. Qh3 b4 13. Nb1 Nc5 14. Nd2 Nxd3+ 15. Qxd3 Rc8 16. Kb1 Ng4 17. Qg3 Bxg5 18. Qxg4 Bf6 19. N2f3 e5 20. fxe5 dxe5 21. Nf5 Qxc2+ 22. Ka1 0-0 23. N3h4 g6 24. Nd6 Rc7 25. Nhf5 Bc8 26. Qg3 Rd8 27. Rb1 Be6 28. b3 Qc3+ 29. Qxc3 Rxc3 30. Nb7 gxf5 31. Nxd8 Bxd8 32. Rbd1 Bb6 33. exf5 Bxf5 34. Rxe5 Rc1+ 35. Kb2 Rb1+ 36. Rxb1 Bd4+ 0-1

[Event "Queenstown op"]
[Site "Queenstown"]
[Date "2009.01.19"]
[Round "5"]
[White "Wohl, Aleksandar H"]
[Black "Dizdarevic, Mehmedalija"]
[Result "1-0"]
[WhiteElo "2342"]
[BlackElo "2102"]
[PlyCount "101"]
[EventDate "2009.01.15"]
[EventType "swiss"]
[EventRounds "10"]
[EventCountry "NZL"]
[SourceTitle "CBM 128 Extra"]
[Source "ChessBase"]
[SourceDate "2009.03.05"]
[SourceVersion "2"]
[SourceVersionDate "2009.03.25"]
[SourceQuality "1"]

1. Nf3 Nf6 2. c4 g6 3. Nc3 Bg7 4. g3 0-0 5. Bg2 d6 6. 0-0 c6 7. d4 Bd7 8. h3 Qc8 9. Kh2 Qc7 10. e4 Be6 11. d5 Bc8 12. Bf4 Nh5 13. Be3 Nd7 14. Qd2 Re8 15. Rac1 Nb6 16. b3 Nd7 17. Rfe1 a6 18. Bd4 c5 19. Bxg7 Kxg7 20. Nd1 h6 21. Nb2 Kh7 22. Nd3 Ne5 23. Nfxe5 dxe5 24. b4 cxb4 25. Qxb4 Bd7 26. c5 Bb5 27. Nb2 Rab8 28. a4 Bd7 29. Nc4 Rec8 30. Nb6 Re8 31. Red1 Qd8 32. a5 Bb5 33. Qb2 Qc7 34. Rd2 Nf6 35. d6 exd6 36. cxd6 Qd8 37. Rc7 Kg7 38. f4 exf4 39. e5 fxg3+ 40. Kxg3 Nh5+ 41. Kh2 Re6 42. Rf2 Qg5 43. Rcxf7+ Kg8 44. d7 Bd3 45. Qc3 Bf5 46. R7xf5 gxf5 47. Bd5 Kf7 48. Bxe6+ Kxe6 49. Qc4+ Ke7 50. Qc5+ Kf7 51. Qd5+ 1-0

[Event "Australian Masters"]
[Site "Melbourne"]
[Date "2008.12.14"]
[Round "9"]
[White "Dizdarevic, Mehmedalija"]
[Black "Levi, Eddy"]
[Result "1/2-1/2"]
[WhiteElo "2025"]
[BlackElo "2203"]
[PlyCount "20"]
[EventDate "2008.12.06"]
[EventType "tourn"]
[EventRounds "9"]
[EventCountry "AUS"]
[SourceTitle "EXT 2023"]
[Source "ChessBase"]
[SourceDate "2022.10.05"]
[SourceVersion "1"]
[SourceVersionDate "2022.10.05"]
[SourceQuality "1"]

1. e4 e5 2. d4 exd4 3. Nf3 Nc6 4. Bc4 Nf6 5. e5 d5 6. Bb5 Ne4 7. Nxd4 Bc5 8. Be3 Bd7 9. Bxc6 Bxc6 10. 0-0 0-0 1/2-1/2

[Event "Australian Masters"]
[Site "Melbourne"]
[Date "2008.12.12"]
[Round "7"]
[White "Dizdarevic, Mehmedalija"]
[Black "Hamilton, Douglas Gibson"]
[Result "1-0"]
[WhiteElo "2025"]
[BlackElo "2209"]
[PlyCount "129"]
[EventDate "2008.12.06"]
[EventType "tourn"]
[EventRounds "9"]
[EventCountry "AUS"]
[SourceTitle "EXT 2023"]
[Source "ChessBase"]
[SourceDate "2022.10.05"]
[SourceVersion "1"]
[SourceVersionDate "2022.10.05"]
[SourceQuality "1"]

1. e4 c5 2. Nf3 Nc6 3. d4 cxd4 4. Nxd4 Nf6 5. Nc3 d6 6. Bg5 e6 7. f4 h6 8. Bh4 Be7 9. Nxc6 bxc6 10. Qf3 Rb8 11. 0-0-0 Qb6 12. b3 Qa5 13. Rd4 Bd7 14. Ra4 Qc7 15. Bf2 c5 16. Ra6 Bc6 17. a4 0-0 18. g4 d5 19. e5 Ne4 20. Nxe4 dxe4 21. Qe3 Rfd8 22. Rg1 Rd4 23. Qc3 Rd5 24. Bc4 Rb6 25. Qa5 Rd7 26. h4 Bd5 27. Bb5 Rxa6 28. Qxc7 Rxc7 29. Bxa6 c4 30. Kb2 c3+ 31. Ka2 Bb4 32. Be3 Kf8 33. h5 Bc5 34. Re1 Be7 35. Rh1 Kg8 36. Rh3 Bb4 37. Bd4 Ba8 38. Bc4 Rd7 39. Bxc3 Bc5 40. Be2 Bf2 41. f5 e3 42. Kb2 Be4 43. Bc4 exf5 44. e6 fxe6 45. Bxe6+ Rf7 46. gxf5 Bxf5 47. Bxf7+ Kxf7 48. Rf3 Ke6 49. Bd4 Bg4 50. Rf4 Bf5 51. Bxa7 Bg3 52. Bxe3 Bxf4 53. Bxf4 Bg4 54. c4 Bxh5 55. Kc3 g5 56. Be3 Bf3 57. b4 Kf5 58. c5 h5 59. b5 g4 60. c6 h4 61. a5 h3 62. c7 Bb7 63. a6 h2 64. axb7 h1Q 65. c8Q+ 1-0

[Event "Australian Masters"]
[Site "Melbourne"]
[Date "2008.12.10"]
[Round "5"]
[White "Dizdarevic, Mehmedalija"]
[Black "Gorka, Carl"]
[Result "1-0"]
[WhiteElo "2025"]
[BlackElo "2184"]
[PlyCount "97"]
[EventDate "2008.12.06"]
[EventType "tourn"]
[EventRounds "9"]
[EventCountry "AUS"]
[SourceTitle "EXT 2023"]
[Source "ChessBase"]
[SourceDate "2022.10.05"]
[SourceVersion "1"]
[SourceVersionDate "2022.10.05"]
[SourceQuality "1"]

1. e4 c5 2. Nf3 e6 3. d4 cxd4 4. Nxd4 a6 5. Bd3 Bc5 6. Nb3 Be7 7. 0-0 Nc6 8. f4 d6 9. Nc3 Nf6 10. Qf3 Qc7 11. g4 h6 12. Be3 Nd7 13. Rae1 b5 14. Nd4 Bb7 15. Qh3 Nxd4 16. Bxd4 Bf6 17. Bf2 b4 18. Nd1 g6 19. Qe3 Qc6 20. Qd2 a5 21. c3 Nc5 22. Bxc5 Qxc5+ 23. Qe3 Qxe3+ 24. Rxe3 bxc3 25. bxc3 Rc8 26. Bb5+ Ke7 27. Rfe1 Rc5 28. a4 g5 29. e5 dxe5 30. fxe5 Bg7 31. c4 Rd8 32. Nf2 Rd4 33. h3 Rc8 34. Nd3 Bc6 35. Nb2 Rd2 36. R3e2 Rxe2 37. Rxe2 f6 38. Nd3 Bb7 39. Kf2 fxe5 40. Nxe5 Rf8+ 41. Ke1 Kd6 42. c5+ Kd5 43. c6 Ba8 44. Nd7 Bc3+ 45. Kd1 Rf1+ 46. Kc2 Bd4 47. Rd2 Rf2 48. Nb6+ Kd6 49. Nxa8 1-0

[Event "Australian Masters"]
[Site "Melbourne"]
[Date "2008.12.07"]
[Round "2"]
[White "Solomon, Stephen J"]
[Black "Dizdarevic, Mehmedalija"]
[Result "1-0"]
[WhiteElo "2470"]
[BlackElo "2025"]
[PlyCount "33"]
[EventDate "2008.12.06"]
[EventType "tourn"]
[EventRounds "9"]
[EventCountry "AUS"]
[SourceTitle "EXT 2023"]
[Source "ChessBase"]
[SourceDate "2022.10.05"]
[SourceVersion "1"]
[SourceVersionDate "2022.10.05"]
[SourceQuality "1"]

1. e4 e6 2. d4 b6 3. Bd3 Bb7 4. Nc3 d5 5. exd5 exd5 6. Nf3 Nf6 7. 0-0 Be7 8. Ne2 0-0 9. Ng3 g6 10. Re1 Nbd7 11. c3 Re8 12. Bg5 c5 13. Qd2 Qc7 14. Ne5 a6 15. Qf4 Kg7 16. Nh5+ gxh5 17. Bh6+ 1-0

[Event "Australian Masters"]
[Site "Melbourne"]
[Date "2008.12.06"]
[Round "1"]
[White "Hacche, David"]
[Black "Dizdarevic, Mehmedalija"]
[Result "1/2-1/2"]
[WhiteElo "2207"]
[BlackElo "2025"]
[PlyCount "116"]
[EventDate "2008.12.06"]
[EventType "tourn"]
[EventRounds "9"]
[EventCountry "AUS"]
[SourceTitle "EXT 2023"]
[Source "ChessBase"]
[SourceDate "2022.10.05"]
[SourceVersion "1"]
[SourceVersionDate "2022.10.05"]
[SourceQuality "1"]

1. d4 Nf6 2. c4 e6 3. g3 c5 4. d5 exd5 5. cxd5 d6 6. Bg2 Nbd7 7. Nc3 a6 8. a4 Rb8 9. a5 b5 10. axb6 Rxb6 11. Nf3 g6 12. 0-0 Bg7 13. h3 0-0 14. Nd2 Ne8 15. Ra4 f5 16. Nc4 Rb8 17. Na5 Rb6 18. Nc6 Qf6 19. e4 Kh8 20. exf5 gxf5 21. Rh4 Rf7 22. Qh5 Nf8 23. Nd8 Rd7 24. Ne6 Qg6 25. Nxf8 Qxh5 26. Rxh5 Bxf8 27. Rxf5 Bg7 28. Re1 Rd8 29. Rf7 Kg8 30. Ra7 Bf5 31. Bg5 Rdb8 32. Rae7 Kf8 33. Nd1 R6b7 34. Rxb7 Rxb7 35. g4 Bc2 36. Ne3 Bd3 37. Bf1 Bxf1 38. Kxf1 Rxb2 39. Nf5 Rb8 40. Be7+ Kf7 41. Nxd6+ Nxd6 42. Bxd6 Rd8 43. Bxc5 Rxd5 44. Rc1 a5 45. Bb6 Rb5 46. Rc7+ Kg8 47. Be3 a4 48. Ra7 Rb4 49. Kg2 Bb2 50. Bc5 Rc4 51. Be7 Bd4 52. Ra8+ Kf7 53. Ba3 Be5 54. Rf8+ Ke6 55. Ra8 Kf7 56. Ra7+ Kg6 57. Ra6+ Kf7 58. Ra7+ Kg6 1/2-1/2